00449nam a2200157Ia 4500008004100000040001800041041000800059100001800067245005900085260003700144300001800181500003100199650002100230650002700251650001300278130821s1948 sp gr spa  aCo-BoUCMbspa aspa1 aOhlin, Bertil10aComercio exterior y política comercialcBertil Ohlin aMadrid (España)bAguilarc1948 a321 páginas aDonacion Dr. Álvaro Daza04aBalanza de pagos04aComercio internacional04aComercio